000 00625nam a2200229Ia 4500
003 OSt
005 20221006165839.0
006 a|||||r|||| 00| 0
007 ta
008 221006b |||||||| |||| 00| 0 eng d
024 _a1,793
037 _cAnnuals, Advances
040 _aFML
_cFML
_beng
041 _2eng
_aeng
082 _aNR44vM81, M5 -; 2
100 _aNag Dipali Au.
_9680594
245 0 _aUstad Faiyaz Khan
260 _aNew Delhi
_bSangeet Natak Acadmy
_c1985
300 _a124
_ccm.
942 _hNR44vM81, M5 -; 2
_cREF
_2CC
999 _c1122239
_d1122239